Physics and technology of heterojunction devices (Record no. 10624)
[ view plain ]
| 000 -LEADER | |
|---|---|
| fixed length control field | 00674 a2200181 4500 |
| 020 ## - INTERNATIONAL STANDARD BOOK NUMBER | |
| International Standard Book Number | 0863412041 |
| 040 ## - CATALOGING SOURCE | |
| Original cataloging agency | DLC |
| Language of cataloging | DLC |
| 245 00 - TITLE STATEMENT | |
| Title | Physics and technology of heterojunction devices |
| Statement of responsibility, etc. | D. Vernon Morgan and Robin H. Williams. |
| 260 0# - PUBLICATION, DISTRIBUTION, ETC. | |
| Place of publication, distribution, etc. | London, U.K. |
| Name of publisher, distributor, etc. | : P. Peregrinus Ltd. on behalf of the Institution of Electrical Engineers |
| Date of publication, distribution, etc. | , c1991. |
| 300 ## - PHYSICAL DESCRIPTION | |
| Extent | xiv, 310 p. |
| Other physical details | : ill. |
| Dimensions | ; 24 cm. |
| 490 1# - SERIES STATEMENT | |
| Series statement | IEE materials and devices series |
| Volume/sequential designation | ; 8. |
| 650 #0 - SUBJECT ADDED ENTRY--TOPICAL TERM | |
| Topical term or geographic name entry element | Semiconductors |
| General subdivision | Junctions. |
| 700 10 - ADDED ENTRY--PERSONAL NAME | |
| Personal name | Morgan, D. V. |
| 700 10 - ADDED ENTRY--PERSONAL NAME | |
| Personal name | Williams, Robin H. |
| 710 20 - ADDED ENTRY--CORPORATE NAME | |
| Corporate name or jurisdiction name as entry element | Institution of Electrical Engineers. |
| 830 #0 - SERIES ADDED ENTRY--UNIFORM TITLE | |
| Uniform title | IEE materials and devices series |
| 942 ## - ADDED ENTRY ELEMENTS (KOHA) | |
| Koha item type | Book |
| Call number prefix | 621.3815 MOR |
| Source of classification or shelving scheme | |
| Withdrawn status | Lost status | Damaged status | Not for loan | Collection code | Permanent Location | Current Location | Shelving location | Date acquired | Source of acquisition | Cost, normal purchase price | Total Checkouts | Full call number | Barcode | Date last seen | Price effective from | Koha item type |
|---|---|---|---|---|---|---|---|---|---|---|---|---|---|---|---|---|
| Central Library (CL) | Central Library (CL) | General Stacks | 11/21/2011 | Global Link Information Services | 7028.10 | 621.3815 MOR | SEECS010669 | 11/14/2012 | 01/05/2017 | Book | ||||||
| Central Library (CL) | Central Library (CL) | General Stacks | 11/21/2011 | Global Link Information Services | 7028.10 | 621.3815 MOR | SEECS010670 | 11/14/2012 | 01/05/2017 | Book |
